Una voz en la oscuridad / (Registro nro. 33)
[ vista simple ]
| 000 -LEADER | |
|---|---|
| fixed length control field | 01100nam a22002177a 4500 |
| 003 - CONTROL NUMBER IDENTIFIER | |
| control field | OSt |
| 005 - DATE AND TIME OF LATEST TRANSACTION | |
| control field | 20230711144619.0 |
| 008 - FIXED-LENGTH DATA ELEMENTS--GENERAL INFORMATION | |
| fixed length control field | 230705s2016 ag ||||| |||| 00| 1 spa d |
| 020 ## - INTERNATIONAL STANDARD BOOK NUMBER | |
| International Standard Book Number | 9789500437899 |
| 040 ## - CATALOGING SOURCE | |
| Language of cataloging | spa |
| Transcribing agency | besoc |
| 100 1# - MAIN ENTRY--PERSONAL NAME | |
| Personal name | Phillpotts, Eden |
| Dates associated with a name | (1862-1960) |
| Relator term | autor |
| 245 10 - TITLE STATEMENT | |
| Title | Una voz en la oscuridad / |
| Statement of responsibility, etc. | Eden Phillpotts ; traducción de Lucrecia Moreno de Sáenz |
| 250 ## - EDITION STATEMENT | |
| Edition statement | 1a ed. |
| 260 ## - PUBLICATION, DISTRIBUTION, ETC. | |
| Place of publication, distribution, etc. | Buenos Aires : |
| Name of publisher, distributor, etc. | Emecé, |
| Date of publication, distribution, etc. | 2016 |
| 300 ## - PHYSICAL DESCRIPTION | |
| Extent | 300 p. |
| 490 ## - SERIES STATEMENT | |
| Series statement | El séptimo círculo / colección creada por Jorge Luis Borges y Adolfo Bioy Casares |
| 520 ## - SUMMARY, ETC. | |
| Summary, etc. | El honorable Ludovic Bewes es un niño de trece años, frágil, doliente y delicado, que no representa su edad. Heredará la vasta propiedad de Brooke-Norton y el título de Lord Brooke. Sufre de pesadillas y de terreros nocturnos; un grito o una brusca racha de viento lo hacen palidecer. Muere de meningitis. En un dormitorio vecino se encuentra una especie de máscara... [Nota del editor]. |
| 650 #4 - SUBJECT ADDED ENTRY--TOPICAL TERM | |
| Topical term or geographic name entry element | Literatura inglesa |
| Form subdivision | Novelas |
| Chronological subdivision | Siglo XX |
| 700 ## - ADDED ENTRY--PERSONAL NAME | |
| Personal name | Moreno de Sáenz, Lucrecia |
| Relator term | traductor |
| 942 ## - ADDED ENTRY ELEMENTS (KOHA) | |
| Source of classification or shelving scheme | Universal Decimal Classification |
| Koha item type | Obra General |
| Suppress in OPAC | No |
| Withdrawn status | Lost status | Source of classification or shelving scheme | Damaged status | Not for loan | Collection | Home library | Current library | Date acquired | Total checkouts | Full call number | Barcode | Date last seen | Price effective from | Koha item type |
|---|---|---|---|---|---|---|---|---|---|---|---|---|---|---|
| Universal Decimal Classification | Colección General | Biblioteca Escuela de Ciencias Sociales | Biblioteca Escuela de Ciencias Sociales | 11/07/2023 | 82-312.4(410) P564 | 000652 | 11/07/2023 | 11/07/2023 | Obra General |